[Event "DVM U14 2023"]
[Site "Magdeburg GER"]
[Date "2023.12.27"]
[Round "2"]
[White "Schrimpf, Michael"]
[Black "Malinowsky, Levi"]
[Result "0-1"]
[Termination "normal"]
[Board "6.2"]
[WhiteElo "1513"]
[BlackElo "2046"]
[WhiteClock "00:11:02"]
[BlackClock "00:48:28"]
[WhiteTeam "SF Augsburg"]
[BlackTeam "Lübecker SV 1873"]
[PlyCount "54"]
[WhiteFideId "1676237"]
[BlackFideId "16253094"]
[EventCountry "GER"]
[EventRounds "7"]
[EventType "team-swiss"]
[EventDate "2023.12.26"]

1. e4 {[%clk 01:30:58]} {[%emt 00:00:01]} c5 {[%clk 01:30:54]} {[%emt
00:00:07]} 2. Nc3 {[%clk 01:31:15]} {[%emt 00:00:13]} a6 {[%clk 01:30:53]}
{[%emt 00:00:31]} 3. g3 {[%clk 01:30:30]} {[%emt 00:01:14]} b5 {[%clk
01:30:40]} {[%emt 00:00:43]} 4. Bg2 {[%clk 01:30:23]} {[%emt 00:00:37]} Bb7
{[%clk 01:30:59]} {[%emt 00:00:12]} 5. d3 {[%clk 01:30:08]} {[%emt 00:00:44]}
e6 {[%clk 01:28:50]} {[%emt 00:02:39]} 6. f4 {[%clk 01:29:02]} {[%emt
00:01:36]} Nf6 {[%clk 01:28:00]} {[%emt 00:01:20]} 7. Nf3 {[%clk 01:28:47]}
{[%emt 00:00:45]} d5 {[%clk 01:28:01]} {[%emt 00:00:30]} 8. e5 {[%clk
01:25:52]} {[%emt 00:03:24]} Nfd7 {[%clk 01:28:19]} {[%emt 00:00:12]} 9. d4
{[%clk 01:22:54]} {[%emt 00:03:28]} Nc6 {[%clk 01:26:31]} {[%emt 00:02:18]} 10.
Ne2 {[%clk 01:19:12]} {[%emt 00:04:11]} Be7 {[%clk 01:23:55]} {[%emt 00:03:06]}
11. O-O {[%clk 01:16:44]} {[%emt 00:02:58]} Qb6 {[%clk 01:20:58]} {[%emt
00:03:28]} 12. Be3 {[%clk 01:14:01]} {[%emt 00:03:12]} O-O {[%clk 01:18:54]}
{[%emt 00:02:34]} 13. Qe1 {[%clk 01:05:54]} {[%emt 00:08:38]} f6 {[%clk
01:14:50]} {[%emt 00:04:34]} 14. g4 {[%clk 00:58:31]} {[%emt 00:07:53]} fxe5
{[%clk 01:12:23]} {[%emt 00:02:57]} 15. dxe5 {[%clk 00:58:05]} {[%emt
00:00:56]} Qc7 {[%clk 01:04:06]} {[%emt 00:08:48]} 16. Qg3 {[%clk 00:54:57]}
{[%emt 00:03:36]} Nb4 {[%clk 01:02:06]} {[%emt 00:02:32]} 17. Rfc1 {[%clk
00:47:32]} {[%emt 00:07:55]} d4 {[%clk 01:01:11]} {[%emt 00:01:25]} 18. Bd2
{[%clk 00:46:29]} {[%emt 00:01:32]} Nd5 {[%clk 00:57:02]} {[%emt 00:04:39]} 19.
b4 {[%clk 00:38:51]} {[%emt 00:08:07]} Qb6 {[%clk 00:54:39]} {[%emt 00:02:54]}
20. Qf2 {[%clk 00:29:03]} {[%emt 00:10:18]} cxb4 {[%clk 00:52:59]} {[%emt
00:02:11]} 21. Nexd4 {[%clk 00:25:11]} {[%emt 00:04:20]} Nxf4 {[%clk 00:51:40]}
{[%emt 00:01:50]} 22. Be3 {[%clk 00:20:17]} {[%emt 00:05:24]} Nxg2 {[%clk
00:50:51]} {[%emt 00:01:20]} 23. Kxg2 {[%clk 00:20:27]} {[%emt 00:00:19]} Nxe5
{[%clk 00:48:48]} {[%emt 00:02:34]} 24. Nf5 {[%clk 00:11:48]} {[%emt 00:09:08]}
Qc7 {[%clk 00:48:43]} {[%emt 00:00:35]} 25. Nxe7+ {[%clk 00:11:27]} {[%emt
00:00:51]} Qxe7 {[%clk 00:49:04]} {[%emt 00:00:08]} 26. Bc5 {[%clk 00:11:29]}
{[%emt 00:00:28]} Bxf3+ {[%clk 00:48:08]} {[%emt 00:01:26]} 27. Qxf3 {[%clk
00:11:02]} {[%emt 00:00:56]} Qxc5 {[%clk 00:48:28]} {[%emt 00:00:10]} 0-1

[Event "DVM U14 2023"]
[Site "Magdeburg GER"]
[Date "2023.12.27"]
[Round "2"]
[White "Engel, Bruno"]
[Black "Rempel, Alexander"]
[Result "1-0"]
[Termination "normal"]
[Board "6.3"]
[WhiteElo "1987"]
[BlackElo "1659"]
[WhiteClock "00:25:58"]
[BlackClock "01:00:50"]
[WhiteTeam "Lübecker SV 1873"]
[BlackTeam "SF Augsburg"]
[PlyCount "91"]
[WhiteFideId "34609008"]
[BlackFideId "34618600"]
[EventCountry "GER"]
[EventRounds "7"]
[EventType "team-swiss"]
[EventDate "2023.12.26"]

1. Nf3 {[%clk 01:30:48]} {[%emt 00:00:10]} d5 {[%clk 01:30:51]} {[%emt
00:00:10]} 2. c4 {[%clk 01:25:03]} {[%emt 00:06:15]} dxc4 {[%clk 01:29:49]}
{[%emt 00:01:32]} 3. Qa4+ {[%clk 01:20:50]} {[%emt 00:04:42]} Nc6 {[%clk
01:28:16]} {[%emt 00:02:04]} 4. Qxc4 {[%clk 01:15:40]} {[%emt 00:05:39]} e5
{[%clk 01:27:58]} {[%emt 00:00:49]} 5. g3 {[%clk 01:06:38]} {[%emt 00:09:32]}
Nf6 {[%clk 01:21:49]} {[%emt 00:06:40]} 6. Bg2 {[%clk 00:57:59]} {[%emt
00:09:08]} h6 {[%clk 01:17:50]} {[%emt 00:04:30]} 7. d3 {[%clk 00:55:38]}
{[%emt 00:02:51]} Be7 {[%clk 01:16:03]} {[%emt 00:02:16]} 8. O-O {[%clk
00:55:30]} {[%emt 00:00:38]} O-O {[%clk 01:16:19]} {[%emt 00:00:14]} 9. Be3
{[%clk 00:42:10]} {[%emt 00:13:50]} Nd5 {[%clk 01:11:20]} {[%emt 00:05:28]} 10.
Bc5 {[%clk 00:38:37]} {[%emt 00:04:03]} Be6 {[%clk 01:08:57]} {[%emt 00:02:53]}
11. Bxe7 {[%clk 00:37:49]} {[%emt 00:01:18]} Qxe7 {[%clk 01:08:28]} {[%emt
00:01:00]} 12. Qc1 {[%clk 00:35:55]} {[%emt 00:02:23]} Qd7 {[%clk 01:01:06]}
{[%emt 00:07:52]} 13. Nc3 {[%clk 00:35:04]} {[%emt 00:01:21]} Rae8 {[%clk
00:56:09]} {[%emt 00:05:28]} 14. Rd1 {[%clk 00:23:19]} {[%emt 00:12:14]} Nd4
{[%clk 00:47:26]} {[%emt 00:09:13]} 15. Nxe5 {[%clk 00:14:29]} {[%emt
00:09:19]} Nxc3 {[%clk 00:45:33]} {[%emt 00:02:24]} 16. Nxd7 {[%clk 00:13:23]}
{[%emt 00:01:36]} Ndxe2+ {[%clk 00:45:55]} {[%emt 00:00:08]} 17. Kf1 {[%clk
00:09:56]} {[%emt 00:03:57]} Nxc1 {[%clk 00:46:15]} {[%emt 00:00:10]} 18. Nxf8
{[%clk 00:05:47]} {[%emt 00:04:38]} Nxd1 {[%clk 00:46:40]} {[%emt 00:00:06]}
19. Nxe6 {[%clk 00:06:11]} {[%emt 00:00:06]} Rxe6 {[%clk 00:46:29]} {[%emt
00:00:40]} 20. Rxc1 {[%clk 00:06:27]} {[%emt 00:00:14]} Nxb2 {[%clk 00:46:54]}
{[%emt 00:00:05]} 21. Rxc7 {[%clk 00:06:37]} {[%emt 00:00:20]} Nxd3 {[%clk
00:47:08]} {[%emt 00:00:17]} 22. Bd5 {[%clk 00:06:45]} {[%emt 00:00:21]} Re1+
{[%clk 00:45:51]} {[%emt 00:01:47]} 23. Kg2 {[%clk 00:07:11]} {[%emt 00:00:04]}
Rd1 {[%clk 00:37:26]} {[%emt 00:08:54]} 24. Bxf7+ {[%clk 00:05:45]} {[%emt
00:01:57]} Kf8 {[%clk 00:37:41]} {[%emt 00:00:16]} 25. Bb3 {[%clk 00:05:08]}
{[%emt 00:01:06]} Rd2 {[%clk 00:37:06]} {[%emt 00:01:06]} 26. Kf3 {[%clk
00:04:28]} {[%emt 00:01:09]} Nb4 {[%clk 00:33:34]} {[%emt 00:04:02]} 27. Rf7+
{[%clk 00:03:50]} {[%emt 00:01:08]} Ke8 {[%clk 00:34:01]} {[%emt 00:00:04]} 28.
Rxb7 {[%clk 00:04:02]} {[%emt 00:00:17]} Nxa2 {[%clk 00:34:06]} {[%emt
00:00:25]} 29. Bf7+ {[%clk 00:03:57]} {[%emt 00:00:35]} Kf8 {[%clk 00:33:50]}
{[%emt 00:00:46]} 30. Ke3 {[%clk 00:04:12]} {[%emt 00:00:15]} Rc2 {[%clk
00:33:54]} {[%emt 00:00:26]} 31. Rxa7 {[%clk 00:03:52]} {[%emt 00:00:50]} Nb4
{[%clk 00:34:16]} {[%emt 00:00:08]} 32. Bg6 {[%clk 00:03:46]} {[%emt 00:00:37]}
Rc6 {[%clk 00:34:13]} {[%emt 00:00:32]} 33. Be4 {[%clk 00:03:32]} {[%emt
00:00:45]} Rd6 {[%clk 00:33:54]} {[%emt 00:00:49]} 34. f4 {[%clk 00:02:52]}
{[%emt 00:01:10]} Nd5+ {[%clk 00:33:54]} {[%emt 00:00:31]} 35. Bxd5 {[%clk
00:02:39]} {[%emt 00:00:43]} Rxd5 {[%clk 00:34:22]} {[%emt 00:00:01]} 36. h3
{[%clk 00:02:13]} {[%emt 00:00:56]} Rb5 {[%clk 00:34:47]} {[%emt 00:00:05]} 37.
Kf3 {[%clk 00:02:36]} {[%emt 00:00:07]} Kg8 {[%clk 00:35:13]} {[%emt 00:00:05]}
38. Kg4 {[%clk 00:02:50]} {[%emt 00:00:16]} Kh7 {[%clk 00:35:32]} {[%emt
00:00:11]} 39. Rc7 {[%clk 00:03:11]} {[%emt 00:00:08]} Ra5 {[%clk 00:34:23]}
{[%emt 00:01:40]} 40. Rb7 {[%clk 00:03:36]} {[%emt 00:00:05]} h5+ {[%clk
00:32:57]} {[%emt 00:01:56]} 41. Kh4 {[%clk 00:03:25]} {[%emt 00:00:41]} Kh6
{[%clk 00:31:47]} {[%emt 00:01:40]} 42. Rb6+ {[%clk 00:28:50]} {[%emt
00:05:03]} g6 {[%clk 01:00:40]} {[%emt 00:01:39]} 43. g4 {[%clk 00:26:06]}
{[%emt 00:03:14]} hxg4 {[%clk 01:00:54]} {[%emt 00:00:16]} 44. hxg4 {[%clk
00:26:30]} {[%emt 00:00:05]} Ra4 {[%clk 01:00:28]} {[%emt 00:00:56]} 45. f5
{[%clk 00:25:35]} {[%emt 00:01:25]} Ra1 {[%clk 01:00:50]} {[%emt 00:00:08]} 46.
Rxg6+ {[%clk 00:25:58]} {[%emt 00:00:06]} 1-0

[Event "DVM U14 2023"]
[Site "Magdeburg GER"]
[Date "2023.12.27"]
[Round "2"]
[White "Wachtel, Alexandra"]
[Black "Hellenbroich, Hanno"]
[Result "0-1"]
[Termination "normal"]
[Board "6.4"]
[WhiteElo "1100"]
[BlackElo "1348"]
[WhiteClock "00:55:10"]
[BlackClock "01:07:20"]
[WhiteTeam "SF Augsburg"]
[BlackTeam "Lübecker SV 1873"]
[PlyCount "44"]
[WhiteFideId "34620427"]
[BlackFideId "16270762"]
[EventCountry "GER"]
[EventRounds "7"]
[EventType "team-swiss"]
[EventDate "2023.12.26"]

1. e4 {[%clk 01:30:57]} {[%emt 00:00:02]} c5 {[%clk 01:30:46]} {[%emt
00:00:15]} 2. Nc3 {[%clk 01:31:22]} {[%emt 00:00:05]} d6 {[%clk 01:31:02]}
{[%emt 00:00:13]} 3. f4 {[%clk 01:31:32]} {[%emt 00:00:20]} Nf6 {[%clk
01:31:01]} {[%emt 00:00:32]} 4. Nf3 {[%clk 01:30:34]} {[%emt 00:01:28]} Nc6
{[%clk 01:30:36]} {[%emt 00:00:55]} 5. Bb5 {[%clk 01:30:16]} {[%emt 00:00:48]}
Bd7 {[%clk 01:30:28]} {[%emt 00:00:39]} 6. d3 {[%clk 01:29:39]} {[%emt
00:01:06]} g6 {[%clk 01:30:07]} {[%emt 00:00:51]} 7. O-O {[%clk 01:29:41]}
{[%emt 00:00:28]} Bg7 {[%clk 01:30:22]} {[%emt 00:00:15]} 8. Bxc6 {[%clk
01:29:27]} {[%emt 00:00:44]} Bxc6 {[%clk 01:30:27]} {[%emt 00:00:25]} 9. Qe1
{[%clk 01:29:28]} {[%emt 00:00:28]} O-O {[%clk 01:30:16]} {[%emt 00:00:43]} 10.
Qh4 {[%clk 01:29:21]} {[%emt 00:00:35]} e6 {[%clk 01:27:47]} {[%emt 00:03:00]}
11. f5 {[%clk 01:27:31]} {[%emt 00:02:20]} exf5 {[%clk 01:27:52]} {[%emt
00:00:25]} 12. Bh6 {[%clk 01:23:29]} {[%emt 00:04:32]} fxe4 {[%clk 01:27:28]}
{[%emt 00:00:54]} 13. Ng5 {[%clk 01:22:13]} {[%emt 00:01:45]} Nh5 {[%emt
00:01:53]} 14. Bxg7 {[%clk 01:19:37]} {[%emt 00:03:03]} Kxg7 {[%clk 01:26:21]}
{[%emt 00:00:18]} 15. Rxf7+ {[%clk 01:18:09]} {[%emt 00:01:58]} Kg8 {[%clk
01:22:08]} {[%emt 00:04:43]} 16. Raf1 {[%clk 01:12:21]} {[%emt 00:06:17]} Rxf7
{[%clk 01:19:12]} {[%emt 00:03:26]} 17. Rxf7 {[%clk 01:09:24]} {[%emt
00:03:27]} h6 {[%clk 01:15:49]} {[%emt 00:03:54]} 18. Ncxe4 {[%clk 01:01:32]}
{[%emt 00:08:22]} Bxe4 {[%clk 01:11:03]} {[%emt 00:05:16]} 19. Qxe4 {[%clk
01:00:32]} {[%emt 00:01:30]} Qxg5 {[%clk 01:10:11]} {[%emt 00:01:21]} 20. Qe6
{[%clk 00:58:09]} {[%emt 00:02:51]} Ng7 {[%clk 01:07:07]} {[%emt 00:03:35]} 21.
Qd7 {[%clk 00:56:03]} {[%emt 00:02:35]} Qe3+ {[%clk 01:06:59]} {[%emt
00:00:39]} 22. Rf2 {[%clk 00:55:10]} {[%emt 00:01:22]} Rf8 {[%clk 01:07:20]}
{[%emt 00:00:11]} 0-1

[Event "DVM U14 2023"]
[Site "Magdeburg GER"]
[Date "2023.12.27"]
[Round "2"]
[White "Polzin, Gustav"]
[Black "Uyar, Levin"]
[Result "1-0"]
[Termination "normal"]
[Board "7.1"]
[WhiteElo "1895"]
[BlackElo "1784"]
[WhiteClock "00:41:00"]
[BlackClock "00:00:44"]
[WhiteTeam "USV Halle"]
[BlackTeam "SC Untergrombach 46"]
[PlyCount "89"]
[WhiteFideId "34603280"]
[BlackFideId "16282108"]
[EventCountry "GER"]
[EventRounds "7"]
[EventType "team-swiss"]
[EventDate "2023.12.26"]

1. e4 {[%clk 01:30:53]} {[%emt 00:00:06]} e5 {[%clk 01:30:53]} {[%emt
00:00:07]} 2. Nf3 {[%clk 01:31:03]} {[%emt 00:00:21]} Nc6 {[%clk 01:31:16]}
{[%emt 00:00:06]} 3. Bc4 {[%clk 01:31:08]} {[%emt 00:00:25]} Nf6 {[%clk
01:31:41]} {[%emt 00:00:06]} 4. d3 {[%clk 01:31:03]} {[%emt 00:00:34]} Bc5
{[%clk 01:31:56]} {[%emt 00:00:14]} 5. c3 {[%clk 01:31:17]} {[%emt 00:00:18]}
d6 {[%clk 01:31:56]} {[%emt 00:00:29]} 6. O-O {[%clk 01:31:29]} {[%emt
00:00:19]} a6 {[%clk 01:32:11]} {[%emt 00:00:15]} 7. Bg5 {[%clk 01:31:19]}
{[%emt 00:00:40]} h6 {[%clk 01:32:18]} {[%emt 00:00:22]} 8. Be3 {[%clk
01:31:25]} {[%emt 00:00:24]} O-O {[%clk 01:30:51]} {[%emt 00:01:57]} 9. a4
{[%clk 01:31:46]} {[%emt 00:00:11]} Ng4 {[%clk 01:20:31]} {[%emt 00:10:49]} 10.
Bxc5 {[%clk 01:27:47]} {[%emt 00:04:29]} dxc5 {[%clk 01:20:49]} {[%emt
00:00:12]} 11. Qe2 {[%clk 01:27:39]} {[%emt 00:00:38]} Qd6 {[%clk 01:18:20]}
{[%emt 00:02:58]} 12. Nbd2 {[%clk 01:27:03]} {[%emt 00:01:07]} Rd8 {[%clk
01:11:16]} {[%emt 00:07:33]} 13. Bd5 {[%clk 01:25:30]} {[%emt 00:02:03]} Na5
{[%clk 00:56:49]} {[%emt 00:14:56]} 14. Ne1 {[%clk 01:21:40]} {[%emt 00:04:22]}
Nf6 {[%clk 00:42:05]} {[%emt 00:15:13]} 15. Ba2 {[%clk 01:18:55]} {[%emt
00:03:15]} Be6 {[%clk 00:37:32]} {[%emt 00:05:03]} 16. Bxe6 {[%clk 01:13:37]}
{[%emt 00:05:49]} Qxe6 {[%clk 00:37:11]} {[%emt 00:00:51]} 17. f4 {[%clk
01:13:54]} {[%emt 00:00:13]} exf4 {[%clk 00:35:13]} {[%emt 00:02:27]} 18. Rxf4
{[%clk 01:13:37]} {[%emt 00:00:47]} Qb6 {[%clk 00:33:26]} {[%emt 00:02:17]} 19.
Nf1 {[%clk 01:12:28]} {[%emt 00:01:40]} Re8 {[%clk 00:28:23]} {[%emt 00:05:32]}
20. Ng3 {[%clk 01:11:02]} {[%emt 00:01:57]} c4+ {[%clk 00:19:34]} {[%emt
00:09:19]} 21. d4 {[%clk 01:10:58]} {[%emt 00:00:33]} c5 {[%clk 00:19:19]}
{[%emt 00:00:45]} 22. Rd1 {[%clk 01:10:34]} {[%emt 00:00:54]} Rad8 {[%clk
00:19:21]} {[%emt 00:00:27]} 23. Nf3 {[%clk 01:09:18]} {[%emt 00:01:47]} Nd5
{[%clk 00:17:14]} {[%emt 00:02:37]} 24. Rf5 {[%clk 01:09:11]} {[%emt 00:00:38]}
cxd4 {[%clk 00:15:43]} {[%emt 00:02:00]} 25. cxd4 {[%clk 01:07:53]} {[%emt
00:01:48]} c3 {[%clk 00:14:36]} {[%emt 00:01:37]} 26. Qd3 {[%clk 01:04:51]}
{[%emt 00:03:32]} Rc8 {[%clk 00:10:04]} {[%emt 00:05:02]} 27. bxc3 {[%clk
01:02:03]} {[%emt 00:03:19]} Rxc3 {[%clk 00:09:33]} {[%emt 00:01:01]} 28. Qd2
{[%clk 00:54:31]} {[%emt 00:08:02]} Nc4 {[%clk 00:08:16]} {[%emt 00:01:46]} 29.
Qe1 {[%clk 00:54:47]} {[%emt 00:00:15]} Re3 {[%clk 00:06:51]} {[%emt 00:01:56]}
30. Qf1 {[%clk 00:52:44]} {[%emt 00:02:33]} Rxf3 {[%clk 00:04:11]} {[%emt
00:03:09]} 31. Rxf3 {[%clk 00:46:20]} {[%emt 00:06:54]} Nce3 {[%clk 00:03:36]}
{[%emt 00:01:05]} 32. Qd3 {[%clk 00:45:45]} {[%emt 00:01:05]} Nxd1 {[%clk
00:03:45]} {[%emt 00:00:21]} 33. Qxd1 {[%clk 00:46:13]} {[%emt 00:00:02]} Nf6
{[%clk 00:03:43]} {[%emt 00:00:32]} 34. Qd3 {[%clk 00:43:32]} {[%emt 00:03:11]}
Qc6 {[%clk 00:03:02]} {[%emt 00:01:11]} 35. e5 {[%clk 00:43:14]} {[%emt
00:00:48]} Nd5 {[%clk 00:02:30]} {[%emt 00:01:02]} 36. Nf5 {[%clk 00:42:18]}
{[%emt 00:01:26]} Rc8 {[%clk 00:02:11]} {[%emt 00:00:48]} 37. Qe4 {[%clk
00:41:45]} {[%emt 00:01:04]} Qc1+ {[%clk 00:01:13]} {[%emt 00:01:27]} 38. Rf1
{[%clk 00:42:02]} {[%emt 00:00:14]} Qg5 {[%clk 00:00:35]} {[%emt 00:01:08]} 39.
Qxd5 {[%clk 00:42:10]} {[%emt 00:00:22]} Rc1 {[%clk 00:00:37]} {[%emt
00:00:27]} 40. Qf3 {[%clk 00:41:59]} {[%emt 00:00:41]} Qd2 {[%clk 00:00:31]}
{[%emt 00:00:36]} 41. Rxc1 {[%clk 00:41:36]} {[%emt 00:00:53]} Qxc1+ {[%clk
00:00:50]} {[%emt 00:00:11]} 42. Qf1 {[%clk 00:41:59]} {[%emt 00:00:07]} Qc3
{[%clk 00:00:48]} {[%emt 00:00:31]} 43. h3 {[%clk 00:41:11]} {[%emt 00:01:19]}
g6 {[%clk 00:00:34]} {[%emt 00:00:44]} 44. Nxh6+ {[%clk 00:41:01]} {[%emt
00:00:40]} Kg7 {[%clk 00:00:44]} {[%emt 00:00:20]} 45. Qf4 {[%clk 00:41:00]}
{[%emt 00:00:31]} 1-0

[Event "DVM U14 2023"]
[Site "Magdeburg GER"]
[Date "2023.12.27"]
[Round "2"]
[White "Jung, Niklas"]
[Black "Patzschke, Carlo"]
[Result "0-1"]
[Termination "normal"]
[Board "7.2"]
[WhiteElo "1477"]
[BlackElo "1636"]
[WhiteClock "00:00:41"]
[BlackClock "00:13:34"]
[WhiteTeam "SC Untergrombach 46"]
[BlackTeam "USV Halle"]
[PlyCount "88"]
[WhiteFideId "16280601"]
[BlackFideId "34617973"]
[EventCountry "GER"]
[EventRounds "7"]
[EventType "team-swiss"]
[EventDate "2023.12.26"]

1. c4 {[%clk 01:30:52]} {[%emt 00:00:06]} Nf6 {[%clk 01:30:54]} {[%emt
00:00:07]} 2. Nc3 {[%clk 01:31:16]} {[%emt 00:00:06]} g6 {[%clk 01:31:08]}
{[%emt 00:00:17]} 3. g3 {[%clk 01:31:39]} {[%emt 00:00:07]} Bg7 {[%clk
01:31:31]} {[%emt 00:00:07]} 4. Bg2 {[%clk 01:32:01]} {[%emt 00:00:08]} d6
{[%clk 01:31:33]} {[%emt 00:00:29]} 5. Nf3 {[%clk 01:32:09]} {[%emt 00:00:21]}
O-O {[%clk 01:31:45]} {[%emt 00:00:19]} 6. O-O {[%clk 01:32:22]} {[%emt
00:00:16]} c5 {[%clk 01:30:55]} {[%emt 00:01:21]} 7. d3 {[%clk 01:32:23]}
{[%emt 00:00:29]} Nc6 {[%clk 01:31:08]} {[%emt 00:00:17]} 8. Rb1 {[%clk
01:32:18]} {[%emt 00:00:34]} Ne8 {[%clk 01:24:29]} {[%emt 00:07:09]} 9. Nd2
{[%clk 01:25:13]} {[%emt 00:07:35]} Nc7 {[%clk 01:21:52]} {[%emt 00:03:08]} 10.
f4 {[%clk 01:22:14]} {[%emt 00:03:26]} Rb8 {[%clk 01:20:25]} {[%emt 00:01:59]}
11. a4 {[%clk 01:04:51]} {[%emt 00:17:52]} Bd7 {[%clk 01:13:33]} {[%emt
00:07:22]} 12. Nf3 {[%clk 01:03:20]} {[%emt 00:02:02]} a6 {[%clk 01:12:32]}
{[%emt 00:01:31]} 13. Bd2 {[%clk 01:01:47]} {[%emt 00:02:02]} b5 {[%clk
01:01:51]} {[%emt 00:11:11]} 14. axb5 {[%clk 00:58:45]} {[%emt 00:03:31]} axb5
{[%clk 01:02:15]} {[%emt 00:00:07]} 15. cxb5 {[%clk 00:56:24]} {[%emt
00:02:51]} Nxb5 {[%clk 00:59:41]} {[%emt 00:03:04]} 16. Nxb5 {[%clk 00:56:15]}
{[%emt 00:00:39]} Rxb5 {[%clk 01:00:01]} {[%emt 00:00:11]} 17. Bc3 {[%clk
00:56:09]} {[%emt 00:00:34]} Qb6 {[%clk 00:53:40]} {[%emt 00:06:53]} 18. Kh1
{[%clk 00:52:38]} {[%emt 00:04:00]} Rb8 {[%clk 00:39:43]} {[%emt 00:14:27]} 19.
Nd2 {[%clk 00:52:05]} {[%emt 00:01:03]} Be6 {[%clk 00:34:36]} {[%emt 00:05:38]}
20. Bxg7 {[%clk 00:22:07]} {[%emt 00:30:27]} Kxg7 {[%clk 00:34:49]} {[%emt
00:00:18]} 21. Nc4 {[%clk 00:19:01]} {[%emt 00:03:36]} Bxc4 {[%clk 00:27:43]}
{[%emt 00:07:36]} 22. dxc4 {[%clk 00:19:17]} {[%emt 00:00:13]} Rb4 {[%clk
00:26:53]} {[%emt 00:01:21]} 23. e3 {[%clk 00:03:45]} {[%emt 00:16:01]} Na5
{[%clk 00:23:30]} {[%emt 00:03:54]} 24. f5 {[%clk 00:01:49]} {[%emt 00:02:26]}
Nxc4 {[%clk 00:20:43]} {[%emt 00:03:17]} 25. Qc2 {[%clk 00:01:46]} {[%emt
00:00:31]} Ne5 {[%clk 00:20:31]} {[%emt 00:00:44]} 26. fxg6 {[%clk 00:00:48]}
{[%emt 00:01:28]} hxg6 {[%clk 00:20:19]} {[%emt 00:00:42]} 27. Rf2 {[%clk
00:00:51]} {[%emt 00:00:27]} c4 {[%clk 00:18:21]} {[%emt 00:02:28]} 28. Qd2
{[%clk 00:00:34]} {[%emt 00:00:47]} Rb3 {[%clk 00:18:02]} {[%emt 00:00:49]} 29.
Rbf1 {[%clk 00:00:34]} {[%emt 00:00:30]} Rd3 {[%clk 00:16:38]} {[%emt
00:01:54]} 30. Qc1 {[%clk 00:00:40]} {[%emt 00:00:24]} Qxe3 {[%clk 00:16:35]}
{[%emt 00:00:33]} 31. Qxe3 {[%clk 00:00:33]} {[%emt 00:00:36]} Rxe3 {[%clk
00:16:58]} {[%emt 00:00:07]} 32. Bd5 {[%clk 00:00:45]} {[%emt 00:00:18]} e6
{[%clk 00:17:09]} {[%emt 00:00:19]} 33. Bxc4 {[%clk 00:00:50]} {[%emt
00:00:25]} Nxc4 {[%clk 00:15:34]} {[%emt 00:02:05]} 34. Rxf7+ {[%clk 00:01:13]}
{[%emt 00:00:06]} Kg8 {[%clk 00:15:55]} {[%emt 00:00:10]} 35. Rc7 {[%clk
00:00:52]} {[%emt 00:00:45]} Ne5 {[%clk 00:15:54]} {[%emt 00:00:38]} 36. Ra1
{[%clk 00:01:03]} {[%emt 00:00:18]} Rf3 {[%clk 00:16:05]} {[%emt 00:00:20]} 37.
Rb1 {[%clk 00:00:31]} {[%emt 00:01:02]} Rf7 {[%clk 00:16:15]} {[%emt 00:00:20]}
38. Rc3 {[%clk 00:00:50]} {[%emt 00:00:09]} Rfb7 {[%clk 00:16:12]} {[%emt
00:00:35]} 39. b3 {[%clk 00:01:01]} {[%emt 00:00:18]} Kf7 {[%clk 00:14:08]}
{[%emt 00:02:35]} 40. Kg2 {[%clk 00:01:12]} {[%emt 00:00:19]} Ke7 {[%clk
00:14:17]} {[%emt 00:00:21]} 41. b4 {[%clk 00:00:51]} {[%emt 00:00:51]} Rxb4
{[%clk 00:13:46]} {[%emt 00:01:01]} 42. Rc7+ {[%clk 00:01:07]} {[%emt
00:00:14]} Nd7 {[%clk 00:14:10]} {[%emt 00:00:06]} 43. Rbc1 {[%clk 00:00:58]}
{[%emt 00:00:38]} R4b5 {[%clk 00:13:22]} {[%emt 00:01:25]} 44. R1c4 {[%clk
00:00:41]} {[%emt 00:00:40]} Rc5 {[%clk 00:13:34]} {[%emt 00:00:18]} 0-1